000 00871cam a2200157 4500500
005 20260111090539.0
041 _afre
042 _adc
100 1 0 _aWybrands, Francis
_eauthor
245 0 0 _aSerguei Dovlatov, La Zone, Brodsky et les autres, Traduits du russe par Christine Zeytounian-Beloüs Anatolia. Ed. du Rocher, 2003, 226 et 202 pages, 21 et 22 €
260 _c2003.
500 _a52
520 _aRésuméQue ce soit en Amérique du Sud, en Europe, en Asie ou aux Etats-Unis, la Performance aura durablement marqué la création artistique depuis sa naissance dans l’Amérique des années 50. L’interdisciplinarité et la participation du public en sont l’une des constantes.
786 0 _nÉtudes | 398 | 6 | 2003-06-01 | p. 846a-863a | 0014-1941
856 4 1 _uhttps://shs.cairn.info/revue-etudes-2003-6-page-846a?lang=fr&redirect-ssocas=7080
999 _c1619130
_d1619130